Geografía de Chile

Guardat en:
Dades bibliogràfiques
Autor principal: Almeida Arroyo, E (Autor)
Format: Llibre
Idioma:espanyol
Publicat: Santiago Universo 1930
Edició:9a. ed
Matèries:
Etiquetes: Afegir etiqueta
Sense etiquetes, Sigues el primer a etiquetar aquest registre!

MARC

LEADER 00000nam a2200000 a 4500
001 UCZ5908
003 CL-VaPUC
008 951127e19300000CL |||||||||||||||||spa|d
082 0 4 |a 918.3  |b ALM  |2 21 
100 0 |a Almeida Arroyo, E  |e author  |9 350085 
245 1 0 |a Geografía de Chile 
250 |a 9a. ed 
300 |a 298 p 
942 |c BK 
945 |d 19951127 00:00:00  |a rbrito 
260 |a Santiago  |b Universo  |c 1930 
650 0 |a Geografía  |9 259346 
650 0 |a Geografía física   |9 259347 
650 0 |a Clima  |9 265281 
650 7 |a HIDROGRAFIA  |2 CL-VaPUC  |9 261115 
650 7 |a FLORA  |2 CL-VaPUC  |9 264745 
650 7 |a FAUNA  |2 CL-VaPUC  |9 349523 
650 0 |a Geografía política  |9 268296 
650 0 |a Población  |9 257577 
650 0 |a Ciudades  |9 265474 
650 0 |a Geografía económica   |9 267757 
650 0 |a Agricultura  |9 255598 
650 0 |a Minería  |9 326008 
650 0 |a Industrias   |9 263688 
650 0 |a Comercio  |9 255341 
651 7 |a CHILE  |2 CL-VaPUC  |9 350086 
583 |a last modification  |c 19951127 00:00:00  |k Rodrigo Vera 
999 |c 242184  |d 242182 
952 |0 0  |1 0  |4 0  |6 918_300000000000000_ALM_1930  |7 0  |8 P  |9 254949  |a BIBEDU  |b BIBEDU  |d 2019-11-19  |i 3153185  |o 918.3 ALM 1930  |p 3153185  |r 2019-11-19  |w 2019-11-19  |y BK  |k EDU